Kraje cesarstwa rzymskiego - Statystyki

Ogólne statystyki
  • Ten quiz został rozwiązany 169 razy
  • Średni wynik to 12 z 37
Statystyki odpowiedzi
Kontynenty Odpowiedzi % Poprawnych
Afryka Maroko
85%
Afryka Algieria
75%
Afryka/Azja Egipt
74%
Afryka Tunezja
66%
Azja/Europa Turcja
65%
Afryka Libia
63%
Azja Izrael
54%
Azja Liban
44%
Europa (Wyspa) Malta
38%
Azja Syria
37%
Europa Grecja
35%
Europa (Państwo miasto) Watykan
35%
Azja Jordania
34%
Europa Włochy
30%
Europa Bułgaria
29%
Europa Macedonia
27%
Europa Albania
26%
Europa Chorwacja
26%
Europa (nieuznawane) Kosowo
26%
Europa Serbia
26%
Europa Francja
25%
Europa Czarnogóra
24%
Europa Hiszpania
24%
Azja (nieuznawane) Palestyna
24%
Europa (Państwo miasto) San Marino
24%
Europa Bośnia i Hercegowina
22%
Europa (Państwo miasto) Liechtenstein
22%
Europa (Państwo miasto) Andora
21%
Europa Austria
21%
Europa Portugalia
20%
Europa Szwajcaria
19%
Europa Niemcy
17%
Europa Belgia
15%
Azja Cypr
15%
Europa Holandia
15%
Europa Wielka Brytania
12%
Azja (nieuznawane) Cypr Północny
8%
Nie znaleziono quizów pasujących do podanych kryteriów
Rozkład punktacji
Procent ludzi z każdym wynikiem
Percentyl według liczby udzielonych odpowiedzi
Twoja historia wyników
Nie rozwiązałeś tego quizu